| 000 | 01304cam a22001814a 4500 | ||
|---|---|---|---|
| 005 | 20250605164356.0 | ||
| 008 | 250528s ||||||||||||||||||||||||d | ||
| 035 | _a24332 | ||
| 040 |
_aGR-AtMCL _bgre _dGR-AtMCL _eAACR2 |
||
| 245 | 1 | _aΕκλογές Ε.Β.Ε.Α.: Η Συμμετοχή είναι Δύμαμη | |
| 260 |
_bΕμπορικό Και Βιομηχανικό Επιμελητήριο Αθηνών, _c2017 |
||
| 300 | _a64 | ||
| 520 | _aΕλλάδα: Ένα Πολυεπίπεδο Σταυροδρόμι, Big Bang για τα Ελληνικά Startup, Έκθεση Ευρωπαϊκής Επιτροπής για την Ελλάδα: Ανάπτυξη και Επιστροφή Επενδύσεων και Μείωση Ανεργίας, Taxisnet: Θα Πρέπει να Δηλωθεί ο Επαγγελματικός Λογαριασμός Είσπραξης με POS, Ενίσχυση της Ίδρυσης και Λειτουργίας Νέων Τουριστικών Μικρομεσαίων Επιχειρήσεων, Οι Τελευταίες Εξελίξεις στις Έρευνες για Εντοπισμό Κοιτασμάτων Υδρογονανθράκων. | ||
| 700 | 1 |
_aΜίχαλος Κωνσταντίνος _94319 |
|
| 942 | _cCR | ||
| 999 |
_c9221 _d9221 |
||